000 00828nam a22002777a 4500
003 CHAP
005 20220329133542.0
008 971013s1992 r 00010 d
010 _a7776
011 _a8748
035 _a7978
040 _cCHAP
090 _aFolleto 13987
100 0 0 _aBasile, Eduardo.
_910702
245 _aFertilizantes en Argentina
_b: consumo y abastecimiento
260 _aBuenos Aires :
_bSecretaría de Agricultura, Ganadería y Pesca,
_c1992
300 _a21 p.
590 _aBATCH-UPD
_b10
_c20130110
_lUCH01
_h0109
590 _aBATCH-UPD
_b10
_c20130110
_lUCH01
_h1712
590 _aCONVERSION
_b10
_c20130109
_lUCH01
_h1305
650 1 4 _aFertilizantes.
_940447
700 0 _aDeyheralde, Alicia.
_932354
901 _aBK
942 _cFOLL
949 _aFolleto 13987
_bBC
_cFOLL
_d-18008
_eTS1
_i7978
_si
999 _c7776
_d7776